Das absolute und die Wirklichkeit in Schellings Philosophie
Guardat en:
| Autor principal: | |
|---|---|
| Format: | Llibre |
| Idioma: | alemany |
| Publicat: |
Berlín
Walter de Gruyter
1974
|
| Col·lecció: | Quellen und Studien zur Philosophie, 7
|
| Matèries: | |
| Etiquetes: |
Afegir etiqueta
Sense etiquetes, Sigues el primer a etiquetar aquest registre!
|
MARC
| LEADER | 00000nam a2200000 a 4500 | ||
|---|---|---|---|
| 001 | UCZ5146 | ||
| 003 | CL-VaPUC | ||
| 008 | 951117e19740000GW |||||||||||||||||ger|d | ||
| 082 | 0 | 4 | |a 141 |b LOE |2 21 |
| 100 | |a Loer, Barbara |e autora |9 349081 | ||
| 245 | 1 | 4 | |a Das absolute und die Wirklichkeit in Schellings Philosophie |
| 300 | |a 288 p | ||
| 942 | |c BK | ||
| 945 | |d 19951117 00:00:00 |a cmena | ||
| 260 | |a Berlín |b Walter de Gruyter |c 1974 | ||
| 600 | 0 | |a Dios |9 314467 | |
| 600 | 0 | |a Schelling, Friedrich Wilhelm Joseph |9 268686 | |
| 650 | 0 | |a Idealismo |9 265685 | |
| 650 | 0 | |a Filosofía alemana |9 265002 | |
| 650 | 0 | |a Escuelas filosóficas |9 266232 | |
| 650 | 0 | |a Teología |9 258766 | |
| 583 | |a last modification |c 19951117 00:00:00 |k Rodrigo Vera | ||
| 490 | 0 | |a Quellen und Studien zur Philosophie, 7 | |
| 999 | |c 241471 |d 241469 | ||
| 952 | |0 0 |1 0 |4 0 |6 141_000000000000000_LOE_1974 |7 0 |8 P |9 253801 |a BIBEDU |b BIBEDU |c BIBEDU_PB |d 2019-11-19 |i 157468K |o 141 LOE 1974 |p 157468K |r 2024-01-25 |w 2019-11-19 |y BK |k FIL | ||